000 00579nam a22002417a 4500
003 UA-OsUOA
001 36215
007 ta
008 20060119b un ||||| |||| 00| 0 ukr d
100 _aКовальчук А.Т.
090 _a336(038)
_bК-56
942 _cBK
040 _aUA-OsUOA
_bukr
_cUA-OsUOA
_dUA-OsUOA
245 _aФінансовий словник
300 _a287 с.
955 _a2
041 _aukr
080 _a336(038)
020 _a966-346-026-1
260 _aК.
_bЗнання
_c2005
650 7 _a336 Фінанси
_2UDC
999 _c322461
_d322461